000
00315nam a2200121 a 4500
005
20140414132054.0
008
110714s19uu xx 00 eng d
050
_a
ER
_b
SCH1 2002
100
_a
Schecter, Deborah
245
_a
Wonderful water color art.
260
_a
New York :
_b
Scholactis,
_c
2002.
999
_c
114268
_d
114268